<?xml version="1.0" encoding="UTF-8"?>
<record
    xmlns:xsi="http://www.w3.org/2001/XMLSchema-instance"
    xsi:schemaLocation="http://www.loc.gov/MARC21/slim http://www.loc.gov/standards/marcxml/schema/MARC21slim.xsd"
    xmlns="http://www.loc.gov/MARC21/slim">

  <leader>00551nam a22002177a 4500</leader>
  <controlfield tag="003">OSt</controlfield>
  <controlfield tag="005">20140310182804.0</controlfield>
  <controlfield tag="008">130214t        xxu||||| |||| 00| 0 eng d</controlfield>
  <datafield tag="020" ind1=" " ind2=" ">
    <subfield code="a">9789810697709</subfield>
  </datafield>
  <datafield tag="050" ind1=" " ind2=" ">
    <subfield code="a">QH 309.2</subfield>
    <subfield code="b">.Si594 2010</subfield>
  </datafield>
  <datafield tag="082" ind1=" " ind2=" ">
    <subfield code="a">M 574</subfield>
    <subfield code="b">S594 2010</subfield>
  </datafield>
  <datafield tag="245" ind1=" " ind2=" ">
    <subfield code="a">Essential biology</subfield>
    <subfield code="c">Simon, Eric J.</subfield>
  </datafield>
  <datafield tag="250" ind1=" " ind2=" ">
    <subfield code="a">4th ed.</subfield>
  </datafield>
  <datafield tag="260" ind1=" " ind2=" ">
    <subfield code="a">Jurong, Singapore</subfield>
    <subfield code="b">Pearson Education</subfield>
    <subfield code="c">c2010</subfield>
  </datafield>
  <datafield tag="300" ind1=" " ind2=" ">
    <subfield code="a">464 p.</subfield>
    <subfield code="c">23 cm.</subfield>
  </datafield>
  <datafield tag="521" ind1=" " ind2=" ">
    <subfield code="a">college students</subfield>
  </datafield>
  <datafield tag="526" ind1=" " ind2=" ">
    <subfield code="c">1210L-1700L</subfield>
  </datafield>
  <datafield tag="541" ind1=" " ind2=" ">
    <subfield code="j">1</subfield>
  </datafield>
  <datafield tag="562" ind1=" " ind2=" ">
    <subfield code="e">1</subfield>
  </datafield>
  <datafield tag="942" ind1=" " ind2=" ">
    <subfield code="2">lcc</subfield>
    <subfield code="c">BK</subfield>
    <subfield code="k">M</subfield>
  </datafield>
  <datafield tag="999" ind1=" " ind2=" ">
    <subfield code="c">16038</subfield>
    <subfield code="d">16038</subfield>
  </datafield>
  <datafield tag="952" ind1=" " ind2=" ">
    <subfield code="0">0</subfield>
    <subfield code="1">0</subfield>
    <subfield code="2">lcc</subfield>
    <subfield code="4">0</subfield>
    <subfield code="a">CL</subfield>
    <subfield code="b">CL</subfield>
    <subfield code="c">GC</subfield>
    <subfield code="d">2013-02-14</subfield>
    <subfield code="l">0</subfield>
    <subfield code="o">QH 309.2 .Si594 2010</subfield>
    <subfield code="p">c13053</subfield>
    <subfield code="r">2018-05-15 00:00:00</subfield>
    <subfield code="t">1</subfield>
    <subfield code="w">2013-02-14</subfield>
    <subfield code="y">BK</subfield>
  </datafield>
</record>
